Vista normal Vista MARC

Entrada Topical Term

Número de registros utilizados en: 1

001 - CONTROL NUMBER

  • control field: 43610

003 - CONTROL NUMBER IDENTIFIER

  • control field: OSt

005 - DATE AND TIME OF LATEST TRANSACTION

  • control field: 20240401185213.0

008 - FIXED-LENGTH DATA ELEMENTS

  • fixed length control field: 240401|| aca||aabn | a|a d

040 ## - CATALOGING SOURCE

  • Original cataloging agency: OSt
  • Transcribing agency: OSt

150 ## - HEADING--TOPICAL TERM

  • Topical term or geographic name entry element: Literatura Colombiana
  • Chronological subdivision: SigloxXIX
  • Geographic subdivision: Boyacá (Colombia)

670 ## - SOURCE DATA FOUND

  • Source citation: Work cat.: (OSt)30721: autor Estupiñán, Hernán 43609, Como una nube, tus rebeliones / , 2023